000
00373nam a22001697a 4500
003
MPLRDC
005
20220104143138.0
008
210129b ||||| |||| 00| 0 eng d
082
_a
855 MG*
100
_a
玛戈著
245
_a
南洋之美
_c
250
_a
初版
260
_a
_b
新加坡青年书局
_c
1959
300
_b
平
650
_a
942
_c
BK
_o
855 MG*
999
_c
37068
_d
37058